02151 2200937 4500001002100000005001500021035002000036007000300056008004100059020001800100082000800118084001400126100001800140245010700158260007100265300004100336500001300377650001200390700001800402990001300420990001300433990001300446990001300459990001300472990001300485990001300498990001300511990001300524990001300537990001300550990001300563990001300576990001300589990001300602990001300615990001300628990001300641990001300654990001300667990001300680990001300693990001300706990001300719990001300732990001300745990001300758990001300771990001300784990001300797990001300810990001300823990001300836990001300849990001300862990001300875990001300888990001300901990001300914990001300927990001300940990001300953990001300966990001300979990001300992990001301005990001301018990001301031990001301044990001301057990001301070990001301083990001301096990001301109990001301122990001301135990001301148990001301161990001301174990001301187990001301200INLIS00000000000009820221116105725 a0010-1122000098ta221116 g 0 ind  a979-662-586-4 a901 a901 RIR s0 aRirin Darini.1 aSejarah :bSMA/MA kelas XI peminatan Ilmu- Ilmu Sosial /cRirin Darini., Wahyudi Djaja., Ringo Rahata. aKlaten :bPerpustakaan Nasional RI - Katalog Dalam Terbitan,c2016 axiv, 330hlm. :bilus ;c17,6 x 25cm. aBiografi 4aSejarah0 aWahyudi Djaja a32143214 a32143214 a32143214 a32143214 a32143214 a32143214 a32143214 a32143214 a32143214 a32143214 a32143214 a32143214 a32143214 a32143214 a32143214 a32143214 a32143214 a32143214 a32143214 a32143214 a32143214 a32143214 a32143214 a32143214 a32143214 a32143214 a32143214 a32143214 a32143214 a32143214 a32143214 a32143214 a32143214 a32143214 a32143214 a32143214 a32143214 a32143214 a32143214 a32143214 a32143214 a32143214 a32143214 a32143214 a32143214 a32143214 a32143214 a32143214 a32143214 a32143214 a13521352 a13521352 a13521352 a13521352 a13521352 a13521352 a13521352 a13521352 a13521352 a13521352 a13521352